| 000 | 01553nam a2200433 i 4500 | ||
|---|---|---|---|
| 001 | 11372 | ||
| 003 | KOSZ 005 | ||
| 005 | 20191029121713.0 | ||
| 008 | 080303s1963 pl a f f |000 0 pol | ||
| 015 | _aPB 1964/222 | ||
| 035 | _a(OCoLC)751216845 | ||
| 040 |
_aWA N _cWA N _dKOSZ 005/HR |
||
| 041 | 1 |
_apol _heng |
|
| 080 | _a624.07 | ||
| 080 | _a539.3 | ||
| 100 | 1 |
_aTimoshenko, Stephen _d(1878-1972) _eAutor |
|
| 245 | 1 | 0 |
_aTeoria stateczności sprężystej / _cStephen P. Timoshenko, James M. Gere ; z tł. Artur Kacner. |
| 246 | 1 |
_iTytuł oryginału : _aTheory of elastic stability. |
|
| 260 |
_aWarszawa : _b"Arkady", _c1963. |
||
| 300 |
_a484 s. : _bil. ; _c23 cm. |
||
| 336 |
_2rdacontent _aTekst _btxt |
||
| 337 |
_2rdamedia _aBez urządzenia pośredniczącego _bn |
||
| 338 |
_2rdacarrier _aWolumin _bnc |
||
| 380 | _aKsiążki. | ||
| 380 | _aPublikacje dydaktyczne | ||
| 385 |
_mPoziom nauczania _aSzkoły wyższe |
||
| 388 | _a1901-2000 | ||
| 521 | 8 | _aDla inżynierów konstruktorów i pracowników naukowych oraz studentów wyższych uczelni technicznych. | |
| 658 | _aFizyka i astronomia | ||
| 658 | _aInżynieria i technika | ||
| 655 | 4 | _aPodręcznik | |
| 650 | 4 | _aSprężystość | |
| 650 | 4 | _aStateczność | |
| 700 | 1 |
_aGere, James M. _eAutor |
|
| 700 | 1 |
_aKacner, Artur _d(1912-1964). _eTłumaczenie |
|
| 710 | 2 |
_aWydawnictwo "Arkady". _4pbl. |
|
| 856 |
_uhttp://koha.tu.koszalin.pl/cgi-bin/koha/opac-detail.pl?biblionumber=11372 _yKatalog online BPK |
||
| 942 |
_2UKD _cKS |
||
| 999 |
_c11372 _d11372 |
||